| 000 | 00935nam a2200253Ia 4500 | ||
|---|---|---|---|
| 999 |
_c54294 _d54294 |
||
| 001 | 21350 | ||
| 003 | GE_BSU | ||
| 005 | 20210911184549.0 | ||
| 008 | 181216s2016||||ru |||||||||||||| ||rus|| | ||
| 020 | _a9785248007998 | ||
| 040 | _cGE_BSU | ||
| 041 | _arus | ||
| 080 | _a32(4) П-78 | ||
| 245 |
_aПроблемы европейской безопасности : _bСборник научных трудов выпуск 1 / _cГл. ред. Т. Г. Пархалина. |
||
| 264 |
_aМосква : _b[?], _c2016ч |
||
| 300 | _a231стр. 20см. | ||
| 541 | _h36 Л. | ||
| 653 | _aПолитика | ||
| 653 | _aПроблемы европейской безопасности | ||
| 653 | _aპოლიტიკა | ||
| 700 |
_aПархалина, Т. Г. _cГл. редактор _912466 |
||
| 710 |
_aИнст-т научной информации по общественным наукам _912467 |
||
| 942 |
_cBK _2udc |
||